Quizzes
Events
Quiz Creation
Community
Videos
Private Events
Remove Ads
Sign In
Join for FREE
Feedback
Dark Mode
Quiz Categories
Sports
Geography
Music
Movies
Television
Just For Fun
Miscellaneous
History
Literature
Language
Science
Gaming
Entertainment
Religion
Holiday
For Kids
Quiz Lab
Recent
Popular Today
Quiz Kudos Today
Editor Picks
Curator Picks
Quizzes by...
Day
Popularity
Type
Ratings
Length
Year
Community
Subscriptions
Recent Discussions
Orange Saloon
Badges
Playlists
Quests
Create
Leaderboards
Showdown
Live 5
Trivia Bingo
Activity
Puzzle Library
Sporcle Events
Private Events
Virtual Trivia
Globe League
Become a Host
Pub Owners
SporcleCon
Opinionation
Our Games
Videos
Blog
Mobile Apps
Partnerships
Remove Ads and Go Orange
Feedback
Science
Computer
Plants
Astronomy
Chemistry
Elements
Math
Animal
Physics
Anatomy
Biology
Geology
General Science
Science
Computer
Plants
Astronomy
Chemistry
Elements
Math
Animal
Physics
Anatomy
Biology
Geology
General Science
Random Quiz
Search Sporcle
×
Curator Pick
Curator Pick
Science
Chemistry
Type in answers that appear in a list
Type in answers that appear in a list
Classic
Best Score? Go Orange.
Chemical compounds Stats
Can you name the common name for these chemical compunds?
By
awesomeguy2204
10m
22 Questions
745 Plays
745 Plays
745 Plays
Comments
Comments
Give Quiz Kudos
Give Quiz Kudos
-
- Ratings
hide this ad
Replay
Link that replays current quiz
Next Quiz
Link to next quiz in quiz playlist
You Got
0%
They Got
Avg Score
51%
Avg Friend Score
Upgrade to see
Score Distribution
Jump to the score distribution portion of the page
Score
0/22
Timer
10:00
0
Plays Today
Formula
Common name
% Correct
H2O
Water
99.5%
CO2
Carbon Dioxide
87.1%
NaCl
Salt
82.4%
CO
Carbon Monoxide
80.1%
NH3
Ammonia
76.1%
CH4
Methane
72.8%
O3
Ozone
66.4%
HCl
Hydrochloric Acid
66.2%
C6H12O6
Glucose
60.9%
H2O2
Hydrogen Peroxide
60.4%
Fe2O3
Rust
58%
Formula
Common name
% Correct
C2H5OH
Ethanol
48.1%
N2O
Laughing gas
46.2%
NaHCO3
Baking Soda
45.4%
C6H6
Benzene
35%
C12H22O11
Sucrose
33.7%
CH3(CH2)6CH3
Octane
32.9%
SiO2
Quartz
31.8%
HCN
Hydrogen Cyanide
29.7%
(NH2)2CO
Urea
12.5%
C5H4NCO2H
Niacin
7%
C19H19N7O6
Folic Acid
5.5%
Quiz Playlist
Details
Report
Send in Message
Add To Playlist
Classic:
Type in answers that appear in a list
Last Updated: Feb 16, 2017
Curator Pick in
Chemistry
Quiz Scoreboard
CHALLENGE
Sign Up to Join the Scoreboard
Show All
Scores
Hide
Comments
May contain spoilers
Recently Published
Presidents Visiting Landmarks
by Hejman
History
7m
An Introduction to Baseball
by treessimontrees
Sports
5m
Movies - When Are They Set?
by FPL_Elf
Movies
5m
More to Explore
Quiz From the Vault
Featured Blog Post
Where Did the Easter Bunny Come From?
hide this ad
You Might Also Like...
Tags
Chemistry Quiz
common
compound
formula
Today's Top Quizzes in Science
Browse Science
hide this ad
Today's Top Quizzes in Chemistry
Browse Chemistry
Top Contributed Quizzes in Science
1
Quick Pick: Radians
2
Quick Pick: 'CI-CJ' Animals
3
Elements In Images
4
Name the Acid, Base or Salt
5
One Thing in Common: Science
6
One Thing in Common: Science III
7
One Thing in Common: Animals
8
Science Jokes
9
One Thing in Common: Science II
10
The First 100 Digits of Pi
Explore More
Trending Topics
Marvel
Crossword
Harry Potter
NBA
Anime
Disney
Kpop
Soccer
Pokémon
NFL
Song
WWE
Country
The Office
Puzzle
hide this ad
More By:
awesomeguy2204
Quiz
Plays
Rating
Category
Featured
Created
Isogram Elements
43,946
4.40
Science
Feb 27, 2010
Non-Solid Elements
19,298
4.47
Science
Jan 22, 2010
Chemical compounds
745
3.29
Science
Jan 24, 2010
Populated Cities in Australia
532
4.00
Geography
Jan 23, 2010
Alkili metals
55
5.00
Science
Feb 22, 2010
Go to Creator's Profile
Score Distribution
Quiz Creator Spotlight
awesomeguy2204
Follow
Send a Message
Quizzes Created
-
Created Quiz Play Count
-
More By This Creator
Popular Quizzes Today
1
Find the US States - No Outlines Minefield
2
Find the Countries of Europe - No Outlines Minefield
3
The Countries of the World
4
Find the US States
5
Popular People in 1961
6
US States
7
Risky Map Clicking: Biggest States A-Z
8
Movies - When Are They Set?
More Science Quizzes
Cranial Nerves
Published
Trending Quizzes
Risky Map Clicking: Least Populous States A-Z
1-10 Letter G Words
1-10 Letter F Words
Risky Map Clicking: Next State Alphabetically
Risky Map Clicking: Biggest States A-Z
Recently Updated
Leaping Animals
pecheneg
Reality TV Shows (A-Z)
bhenderson79
Rickey Henderson's Hall of Fame Teammates
pecheneg
Champions League XIs: Arsenal
pecheneg
Quick Pick: Celebrities in WWE's Hall of Fame
aduchscher
A-Z Keypad Blitz II
pecheneg
Multiple Oscar Actors
pecheneg
Mystery Phrase Blitz: Oscar 'Best Actors'
pecheneg
F. Scott Fitzgerald Novels
LTH
Pick 3 Villains
ddd62291
Trending Topics
Anime
Crossword
Marvel
Kpop
NBA
Harry Potter
Disney
Puzzle
WWE
Soccer
The Office
Song
NFL
Country
Pokémon
Your Account Isn't Verified!
In order to create a playlist on Sporcle, you need to verify the email address you used during registration. Go to your
Sporcle Settings
to finish the process.
Report this User
Report this user for behavior that violates our
Community Guidelines
.
Details:
Send Report
Go to the Sporcle.com Mobile Site →
Comments